000 01316nam a2200313 c 4500
001 3207
003 ES-MaCES
005 20180131142510.0
008 950929s1995 sz ||| | spa d
020 _a9223094097
035 _aCES19980032308m
040 _aES-MaCES
_bspa
_cES-MaCES
110 2 _94718
_aOrganización Internacional del Trabajo
245 1 0 _aPropuestas de programa y presupuesto para 1996-1997
_cpresentadas por el Director General, Oficina Internacional del Trabajo, Consejo de Administración, Comisión de Programa, Presupuesto y Administración
260 _aGinebra
_bOficina Internacional del Trabajo
_c1995
300 _a1 v. (pag. var.)
_c29 cm
500 _aEn la port., además: 262ª reunión. Noveno punto de la orden del día
500 _aEn la cub., además: GB.262-PFA-9 reimpreso como suplemento al Informe II sometido a la 82ª reunión de la Conferencia Internacional del Trabajo
500 _aEn el lomo: 82 II (Sup.)
541 _cCompra
650 4 _aprograma de la OIT
_929032
650 4 _apresupuesto
_928276
650 4 _a1996-1997
_931088
653 1 0 _aOrganizaciones
711 2 _aConferencia Internacional del Trabajo
_eReunión
_n82ª
_d1995
_cGinebra
_9105
902 _aLIB Libro
942 _2CES
_cBK
_h6.3.
999 _c3207
_d3207